[Event "Yingmei Cup CHN-chT 2017"]
[Site "Guangdong"]
[Date "2017.12.02"]
[Round "19"]
[White "Shen, Yang"]
[Black "Ren, Xiaoyi"]
[Result "1-0"]
[WhiteElo "2473"]
[BlackElo "2254"]
[Annotator "TA"]
[PlyCount "108"]
[EventDate "2017.??.??"]
[EventCountry "CHN"]
[SourceTitle "playchess.com"]
[Source "ChessBase"]
[SourceQuality "1"]

{[%evp 13,108,-15,19,20,27,0,6,0,10,-1,0,0,0,7,9,0,103,109,125,124,120,124,108,30,50,-3,8,20,96,91,188,175,260,180,220,226,243,178,308,212,272,283,264,187,204,205,194,198,198,207,206,208,228,159,172,169,159,164,172,178,176,169,172,170,172,159,163,0,159,159,153,157,364,354,323,297,457,457,457,457,29969,29969,29969,29970,29970,29968,29965,29968,29972,29972,29974,29975,29974,29975,29977,29978,29969]} 1. d4 d5 2. Nf3 Nf6 3. c4 c6 4. Nbd2 Bf5 5. Qb3 Qc7 6. g3 e6 7. Bg2 Be7 8. Nh4 {D11: Slav Defence: 3 Nf3 sidelines and 3...Nf6 4 e3 Bg4} Bg4 9. Ndf3 $146 ({Predecessor:} 9. h3 Bh5 10. g4 dxc4 11. Qxc4 Nd5 12. Ndf3 Bb4+ 13. Kf1 Be7 14. gxh5 Qd8 15. e4 Nb6 {0-1 (23) Sinajskij,A (2100)-Butylkin,A (2204) St Petersburg 2009}) 9... Nbd7 10. h3 {The position is equal.} Bh5 11. Bf4 dxc4 12. Qxc4 Qa5+ 13. Bd2 Qb6 14. g4 Qxb2 (14... Ne4 $11) 15. O-O $1 $16 Ne4 16. Be3 $1 Bg6 17. Nxg6 hxg6 18. Rfb1 (18. Qd3 $16 Nc3 19. Bd2) 18... Qa3 $1 $11 19. Ne5 (19. Bc1 $14 Qa5 20. Qd3) 19... Nd6 20. Qc2 Nb6 (20... Rd8 $11 {keeps the balance.}) 21. Bc1 $36 {[%mdl 3072] White has strong compensation. White is in control.} Qa6 (21... Qa4 $16 22. Qxa4 Nxa4) 22. a4 $1 $18 {aiming for e4.} O-O (22... Rd8 {was necessary.}) 23. a5 Nbc4 24. Nd7 {And now Nc5 would win.} Nxa5 25. Bd2 Qc4 (25... Ndc4 $142) 26. Qb2 Rfd8 27. Ne5 Qxe2 {...Nac4 is the strong threat.} 28. Bxa5 Qxb2 29. Rxb2 Rdc8 30. Bb4 Rc7 31. Rab1 a5 32. Ra2 Nb5 33. Bxe7 (33. Bxa5 $6 Rcc8) 33... Rxe7 34. Nxc6 $1 bxc6 {[#]} 35. Rxb5 $1 {[%mdl 512]} cxb5 36. Bxa8 {[%mdl 4096] Endgame KRB-KR} Ra7 37. Bc6 b4 38. Ba4 Rc7 39. Rc2 Rb7 {White should prevent ...b3.} 40. Rc8+ Kh7 {[#] Threatening ...b3.} 41. Rc5 $1 b3 {[#]} 42. Rb5 $1 {[%cal Rb5b7]} Rd7 $2 (42... Rxb5 $16 43. Bxb5 Kh6) 43. d5 ({Not} 43. Rxb3 Rxd4 44. Ra3 Rd8 $18) ({Less strong is} 43. Rxa5 Rb7 $18) ({Don't take} 43. Bxb3 Rxd4 44. Rxa5 Rd3 $18) 43... exd5 44. Bxb3 d4 (44... Ra7 $142 45. Ba4 d4) 45. Rxa5 d3 {If Black can now play ...Rb7 this consolidates a bit.} 46. Rd5 Rxd5 (46... Re7 $18 47. Rxd3 g5) 47. Bxd5 {KB-KP. White mates.} d2 48. Bb3 Kh6 49. Kg2 Kg5 50. Kg3 Kf6 51. Kf4 g5+ 52. Ke3 Ke5 53. Kxd2 Kf4 54. Bxf7 Ke4 {Precision: White = 75%, Black = 51%.} 1-0

[Event "Yingmei Cup CHN-chT 2017"]
[Site "Guangdong"]
[Date "2017.12.02"]
[Round "19"]
[White "Liu, Guanchu"]
[Black "Lin, Chen"]
[Result "1/2-1/2"]
[WhiteElo "2458"]
[BlackElo "2477"]
[Annotator "TA"]
[PlyCount "54"]
[EventDate "2017.??.??"]
[EventCountry "CHN"]
[SourceTitle "playchess.com"]
[Source "ChessBase"]
[SourceQuality "1"]

{[%evp 29,54,-6,-4,-10,-1,-9,-2,-8,-2,-4,0,0,0,-14,-15,-15,0,0,0,-8,0,0,0,-18,0,0,0]} 1. e4 e5 2. Nf3 Nc6 3. Nc3 Nf6 4. d4 exd4 5. Nxd4 Bb4 6. Nxc6 bxc6 7. Bd3 O-O 8. O-O d5 9. exd5 cxd5 10. Bg5 c6 11. Qf3 Rb8 12. Ne2 {C47: Scotch Four Knights and Four Knights with 4 g3} Bg4 13. Bxf6 Bxf3 14. Bxd8 Bxe2 15. Bxe2 Rfxd8 {[#] LiveBook: 10 Games. The position is equal.} 16. g3 $146 ({Predecessor:} 16. Rfd1 Be7 17. Rab1 Bf6 18. b3 Kf8 19. c4 dxc4 20. Bxc4 Rxd1+ 21. Rxd1 {½-½ (30) Kuzubov,Y (2646)-Kravtsiv,M (2657) Kocaeli 2017}) 16... g6 17. Rfd1 Be7 18. b3 Bf6 19. Rab1 Kf8 20. Kg2 a5 21. a4 Re8 22. Bf3 Bc3 23. Rd3 Bf6 24. Rdd1 Bc3 25. Rd3 Bf6 26. Rdd1 Bc3 27. Rd3 Bf6 1/2-1/2

[Event "Yingmei Cup CHN-chT 2017"]
[Site "Guangdong"]
[Date "2017.12.02"]
[Round "19"]
[White "Li, Yankai"]
[Black "Vallejo Pons, Francisco"]
[Result "0-1"]
[WhiteElo "2455"]
[BlackElo "2707"]
[Annotator "TA"]
[PlyCount "136"]
[EventDate "2017.??.??"]
[EventCountry "CHN"]
[SourceTitle "playchess.com"]
[Source "ChessBase"]
[SourceQuality "1"]

{[%evp 21,136,0,51,-13,-16,-11,-6,-2,0,-43,-24,-26,-20,-87,-30,-57,-57,-57,-57,-59,-62,-96,-68,-75,-64,-64,-64,-64,-64,-59,-64,-63,-69,-69,-64,-66,-60,-153,-152,-207,-214,-209,-196,-189,-205,-212,-224,-200,-192,-181,-181,-181,-174,-301,-232,-206,-181,-181,-155,-181,-164,-178,-183,-433,-422,-440,-488,-696,-696,-649,-685,-680,-660,-674,-677,-668,-672,-647,-635,-602,-593,-656,-627,-12838,-12838,-12839,-12839,-12840,-12839,-12841,-12842,-12842,-12843,-12844,-12843,-12845,-12845,-12846,-12847,-12847,-12847,-12850,-12850,-12850,-29986,-12851,-29987,-12851,-29988,-12851,-29989,-12851,-29990,-12851,-29990,-12851,-29991]} 1. d4 Nf6 2. c4 e6 3. Nf3 b6 4. g3 c6 5. Bg2 d5 6. O-O Be7 7. Nc3 O-O 8. Bf4 Ba6 {E06: Closed Catalan: Early deviations} 9. cxd5 cxd5 10. Ne5 Bb7 11. Rc1 Nfd7 {LiveBook: 9 Games} (11... Nbd7 $11) 12. Qb3 $146 (12. e4 $14 Nxe5 13. Bxe5 (13. dxe5 d4 $11)) ({Predecessor:} 12. Qa4 a6 13. Rfd1 Nxe5 14. dxe5 b5 15. Qc2 Qb6 16. Be3 {1-0 (28) Wang,Y (2736)-Vitiugov,N (2681) Sochi 2009}) 12... Nxe5 $11 13. dxe5 Nd7 14. h4 h6 15. h5 Qe8 16. Rfd1 Rc8 17. Qc2 (17. e3 $11) 17... b5 (17... Bc5 $1 $17 18. Qb1 f6 19. exf6 Nxf6) 18. Qd2 Nb6 {aiming for ...Nc4.} 19. b3 b4 20. Nb1 Qb5 21. Bf3 Rxc1 22. Rxc1 Rc8 23. Rxc8+ Bxc8 24. Qc2 Qc5 25. Qxc5 Bxc5 26. Bg2 Nd7 27. Nd2 Bd4 28. Nf3 Bc3 29. e3 ({Better is} 29. Bf1 $15) 29... Ba6 $17 30. Bf1 (30. e4 $17) 30... Bxf1 $19 31. Kxf1 {[%mdl 4096] Endgame KBN-KBN} f6 $1 {[%cal Rf6e5]} 32. g4 fxe5 33. Bg3 Kf7 34. Ke2 a6 35. Nh4 e4 36. Ng6 {[#]} e5 $1 37. f4 (37. Bh4 $142) 37... exf3+ 38. Kxf3 Ke6 39. Bh4 Nc5 40. Ke2 d4 41. exd4 exd4 ({Don't take} 41... Bxd4 42. Ne7 $15) 42. Bg3 $2 (42. Bf2) 42... d3+ 43. Ke3 {intending Nf4+.} d2 44. Nf4+ (44. Ke2 $142 Ne4 45. Bf4) 44... Kf7 45. Ke2 Ne4 46. Bh4 Bb2 47. Ng2 Bc1 {And now ...Nc3+ would win.} 48. Ne3 Nc3+ 49. Kd3 d1=Q+ 50. Nxd1 Nxd1 51. Kc2 {[#]} Bg5 $1 {[%cal Rg5h4]} 52. Bxg5 hxg5 53. Kxd1 {KP-KP} Ke6 54. Ke2 Ke5 55. Kd3 Kf4 56. Kc4 Kxg4 57. Kxb4 {K3P-K3P} Kh4 58. Ka5 g4 59. a4 g3 60. b4 g2 61. Kxa6 g1=Q 62. a5 Kxh5 63. b5 Qf1 64. Kb6 g5 {[%cal Bg7g5,Bg5g4,Bg4g3][%mdl 32]} 65. a6 g4 66. a7 Qf3 67. Kc7 Qa8 68. b6 g3 {Precision: White = 34%, Black = 71%.} 0-1

[Event "Yingmei Cup CHN-chT 2017"]
[Site "Guangdong"]
[Date "2017.12.02"]
[Round "19"]
[White "Guo, Qi"]
[Black "Lagno, Kateryna"]
[Result "0-1"]
[WhiteElo "2394"]
[BlackElo "2547"]
[Annotator "TA"]
[PlyCount "156"]
[EventDate "2017.??.??"]
[EventCountry "CHN"]
[SourceTitle "playchess.com"]
[Source "ChessBase"]
[SourceQuality "1"]

{[%evp 20,156,0,0,0,-16,-17,-20,-12,-8,-6,-15,-4,-47,-7,-48,-47,-45,0,-37,-17,-24,-28,-25,-14,-59,-41,-117,-98,-62,0,0,0,-116,-4,-10,-14,-45,-45,-45,-45,-45,-45,-45,-45,-45,-45,-45,-45,-45,-45,-45,-45,-45,-45,-93,-93,-93,-93,-93,-93,-93,-93,-93,-93,-93,-93,-93,-93,-93,-93,-93,-85,-85,-85,-85,-37,-37,-37,-37,-37,-37,-37,-37,-37,-37,-37,-37,-37,-37,-37,-29962,-29956,-29956,-8,-8,-8,-8,-8,-29967,-29968,-29968,-29965,-29966,0,-29967,-29966,-29967,-29970,-29969,-8,-8,0,-29963,-29964,-29970,-29968,-29976,-29968,-29971,-29972,-29972,-29973,-29973,-29974,-29974,-29975,-29975,-29976,-29976,-29977,-29980,-29981,-29979,-29982,-29981,-29983,-29983,-29984]} 1. d4 Nf6 2. c4 g6 3. Nc3 d5 4. cxd5 Nxd5 5. e4 Nxc3 6. bxc3 Bg7 7. Nf3 c5 8. Bb5+ Nc6 9. O-O O-O 10. Be3 Bg4 {D85: Exchange Grünfeld: Unusual White 7th moves and lines with 7 Nf3} 11. dxc5 {LiveBook: 11 Games} (11. d5 Ne5 12. Be2 Nxf3+ 13. Bxf3 Bxf3 14. Qxf3 Qa5 15. Rac1 Rac8 16. Rc2 b5 17. Bg5 Rfe8 18. Qe3 Qa4 19. Rfc1 f6 20. Bf4 {½-½ (39) Banusz,T (2616)-Li,C (2751) Graz 2016}) 11... Qc8 $146 ({Predecessor:} 11... Bxc3 12. Rc1 Bg7 13. h3 Qxd1 14. Rfxd1 Be6 15. Ng5 Bxa2 16. Rd7 Na5 17. Rxe7 Rfd8 18. Nf3 {½-½ (81) Gelashvili,T (2563)-Sutovsky,E (2646) Minsk 2017}) 12. Bxc6 bxc6 {The position is equal.} 13. h3 Rd8 14. Qe2 Bxf3 15. Qxf3 Qe6 16. a3 h5 17. Rab1 Rd3 18. Rfc1 Rad8 19. Rd1 Rxd1+ 20. Rxd1 Rxd1+ 21. Qxd1 Qxe4 22. Bd4 h4 23. Qg4 (23. Qd2 $15) 23... Qxg4 $17 24. hxg4 {[%mdl 4096] Endgame KB-KB} f5 ({Better is} 24... e5 $15 25. Be3 f5) 25. gxf5 $11 gxf5 26. f3 (26. f4 $1 $11) 26... e5 (26... Kf7 $17 {Hoping for ...Bxd4+.} 27. Bxg7 Kxg7) 27. Bf2 Bf6 28. Kf1 Kf7 29. Ke2 Ke6 30. Kd3 Kd5 {White must now prevent ...e4+.} 31. c4+ Ke6 32. Be1 Bg5 33. a4 Be7 34. Bf2 Kf7 35. Be1 Kg6 36. Bc3 Bf6 37. Bd2 Kh5 38. Be1 Bg5 39. Bc3 Bf4 40. Be1 Bg3 41. Bc3 {[#]} h3 $1 {[%mdl 512]} 42. gxh3 Kh4 43. Ke2 Kxh3 44. Kf1 a6 45. Bb2 Bf4 46. Kf2 Kh4 47. Bc3 e4 48. fxe4 fxe4 49. Bd4 Kg4 50. Ke2 Kf5 51. Bf2 Be5 52. Bg1 Bb2 53. Bf2 Ke5 54. Bg1 $1 Bc1 55. Bf2 $2 {[%mdl 8192] [#]} (55. Kd1 $15 Bf4 56. Ke2) 55... Kf4 $1 56. Bd4 {[#]} e3 $1 {Strongly threatening ...Ke4.} 57. Bg7 Ke4 58. Bf6 Ba3 59. Bg7 Bxc5 60. Bf6 Bd4 61. Bg5 Bc5 62. Bf6 $1 Bd6 63. Bg7 c5 64. Bb2 Be5 $2 (64... Bf4 {mates} 65. Bg7 Be5 66. Bf8 Kd4 67. Kf3 Kxc4 68. Kxe3 Bd4+ 69. Ke4 a5 70. Bh6 Kb3 71. Kd5 Kxa4 72. Kc4 Ka3 73. Bc1+ Ka2 74. Kb5 Kb3 75. Kxa5 c4 76. Kb5 c3 77. Bg5 c2 78. Kc6 Ka2 79. Kb5 Bb2 80. Kc4 Kb1 81. Bh6 Bc1 82. Bf8 Be3 83. Ba3 Bh6 84. Kb3 Bg7 85. Kc4 Bb2 86. Bc5 c1=Q+ 87. Kb5 Qf1+ 88. Ka5 Bc3+ 89. Kb6 Be5 90. Be3 Qf6+ 91. Kc5 Qf5 92. Kb6 Qg6+ 93. Kc5 Bg7 94. Bd2 Qc2+ 95. Kd5 Qxd2+ 96. Ke6 Qa5 97. Kd6 Qe5+ 98. Kc6 Bh8 99. Kd7 Qd5+ 100. Ke7 Be5 101. Ke8 Bf6 102. Kf8 Qd7 103. Kg8 Qg7#) 65. Ba3 $1 Bd6 $2 {[%mdl 8192]} (65... Bf6 $11 66. Bxc5 Bd4) 66. Bb2 Bf4 {Black mates.} 67. a5 Bc7 68. Bc1 Kd4 69. Bxe3+ Kxc4 70. Bd2 Kb5 71. Kd3 Bxa5 72. Bc1 Bb4 73. Kc2 a5 {[%cal Ba6a5,Ba5a4,Ba4a3,Ba3a2][%mdl 32]} 74. Bb2 a4 75. Kb1 Kc4 76. Kc2 a3 77. Bc1 a2 78. Bb2 Be1 {Precision: White = 54%, Black = 73%.} 0-1

[Event "Yingmei Cup CHN-chT 2017"]
[Site "Guangdong"]
[Date "2017.12.02"]
[Round "19"]
[White "Xu, Zhihang"]
[Black "Zeng, Chongsheng"]
[Result "0-1"]
[WhiteElo "2376"]
[BlackElo "2546"]
[Annotator "TA"]
[PlyCount "82"]
[EventDate "2017.??.??"]
[EventCountry "CHN"]
[SourceTitle "playchess.com"]
[Source "ChessBase"]
[SourceQuality "1"]

{[%evp 16,82,26,28,31,20,29,36,21,32,56,44,54,39,43,27,62,50,88,29,36,0,0,0,0,0,0,0,0,0,7,0,0,-10,-12,-24,-27,-73,-75,-102,-114,-78,-91,-132,-135,-133,-124,-125,-67,-70,-68,-50,-46,-149,-113,-262,-250,-283,-143,-140,-132,-473,-459,-801,-786,-2074,-1921,-29988,-29989]} 1. d4 d5 2. Nf3 c6 3. c4 e6 4. e3 Bd6 5. Nbd2 f5 6. Bd3 {D30: Queen's Gambit Declined: Systems without Nc3} Nf6 7. O-O (7. b3 O-O 8. Bb2 Bd7 9. Qc1 Qe7 10. O-O Be8 11. Ne5 Bh5 12. f4 Nbd7 13. Nxd7 Qxd7 {0-1 (37) Xu,Y (2523)-Wen,Y (2614) Xinghua 2016}) 7... O-O 8. b3 Ne4 9. Bb2 {LiveBook: 4 Games} b6 10. cxd5 $146 (10. Ne5 {is interesting.} Ba6 11. Rc1 Qe7 12. Ndf3 Bb7 13. Qe2) ({Predecessor:} 10. Qc2 Bb7 11. Rad1 Qe7 12. Ne5 Na6 13. Nxe4 fxe4 {½-½ (24) Skytte,R (2387)-Hansen,M (2393) Odense 2017}) 10... exd5 11. Ne5 Bxe5 12. dxe5 c5 13. Nb1 {[%cal Bd2b1,Bb1c3,Bc3e2,Be2g3][%mdl 32]} Nc6 14. f3 Ng5 $1 15. Nc3 Be6 16. Ne2 Qe7 17. Rc1 (17. Bb5 $1 $16 {[%cal Rb5c6]} Qd7 18. Nf4) 17... Rad8 $11 18. Qe1 Bc8 {[%cal Be6c8,Bc8b7,Bb7a6][%mdl 32]} 19. Ng3 g6 20. Bb5 {Threatens to win with f4.} Bb7 21. f4 {aiming for Bxc6.} Ne6 22. Ne2 Nb8 23. Bd3 Ba6 24. Qd2 Qb7 25. Rfd1 Nc6 26. Nd4 Ncxd4 27. exd4 Bxd3 28. Qxd3 Nxf4 29. Qf3 Ne6 30. dxc5 bxc5 31. Ba3 Qb6 (31... Qb5 $1 $17 {[%cal Rb5a5] White must now prevent ...Qa5.} 32. Rxd5 Nd4 33. Rxd4 Rxd4 34. Bxc5 Rc8) 32. Rxd5 $15 Rxd5 33. Qxd5 {[%cal Ra3c5]} Rd8 $36 {[%mdl 2048] Black has good play.} 34. Qf3 {[#]} ({White should play} 34. Qc4 $15) 34... Rd2 $1 $17 {[%cal Rd2a2]} 35. Qe3 {[#]} (35. Rf1 $17) 35... Qd8 $1 $19 (35... Rxa2 36. Bxc5 Qc6 37. Qf3 $17) 36. h3 ({Much weaker is} 36. Bxc5 Rd1+ 37. Rxd1 Qxd1+ 38. Kf2 Qc2+ 39. Qe2 Qxc5+ $19) 36... Qd5 ({Not} 36... Rxa2 37. Bxc5 Qd5 38. Qf3 $17) (36... f4 $19 37. Qc3 Qd5) 37. Qf3 $17 Qxe5 38. Qa8+ $2 {[%mdl 8192]} (38. Kh1 $17 {was the crucial defense.}) 38... Kg7 $19 ({Weaker is} 38... Rd8 39. Qc6 $17) 39. Qb7+ (39. Kh1 $142 Rxa2 40. Qxa7+ Kh6 41. Rg1) 39... Kh6 40. Rf1 Nf4 {( -> ...Nxh3+!)} 41. Bc1 Ne2+ {Precision: White = 31%, Black = 63%.} 0-1

[Event "Yingmei Cup CHN-chT 2017"]
[Site "Guangdong"]
[Date "2017.12.02"]
[Round "19"]
[White "Lan, Zilun"]
[Black "Ni, Hua"]
[Result "1/2-1/2"]
[WhiteElo "2361"]
[BlackElo "2674"]
[Annotator "TA"]
[PlyCount "99"]
[EventDate "2017.??.??"]
[EventCountry "CHN"]
[SourceTitle "playchess.com"]
[Source "ChessBase"]
[SourceQuality "1"]

{[%evp 11,99,0,0,-75,0,-18,-21,-7,-6,-28,-4,-14,23,19,35,37,41,30,41,43,47,41,43,28,79,63,95,109,135,37,43,33,21,-3,-4,-10,0,0,18,9,99,91,96,106,115,115,114,119,111,117,111,108,135,126,113,95,99,100,100,99,99,97,95,60,68,36,47,31,31,27,30,30,89,29,56,56,56,56,56,56,56,56,89,89,89,89,89,89,89,89]} 1. d4 Nf6 2. Nf3 d5 3. Bf4 c5 4. c3 Qb6 5. Qb3 Nc6 6. Na3 {D02: 1 d4 d5 2 Nf3 sidelines, including 2...Nf6 3 g3 and 2...Nf6 3 Bf4} (6. dxc5 Qxc5 7. Nbd2 e6 8. e3 Be7 9. h3 O-O 10. Be2 b6 11. O-O Bb7 12. a4 Rac8 13. Rfd1 h6 {0-1 (60) Kamsky,G (2721)-Ponomariov,R (2731) Beijing 2013}) 6... c4 {LiveBook: 8 Games} 7. Qc2 $146 {[#]} (7. Qxb6 $11 axb6 8. g3) ({Predecessor:} 7. Qxb6 axb6 8. Nb5 Ra5 9. a4 Bf5 10. Kd1 Ne4 11. Be3 e6 12. Nd2 Nd6 13. Nxd6+ Bxd6 {1-0 (44) Olsarova,T (2302)-Gormally,D (2499) Hastings 2015}) 7... g6 (7... Bf5 $1 $17 {[%cal Rf5c2][%mdl 512]} 8. Qc1 (8. Qxf5 Qxb2 9. Rc1 e6 $17) 8... e6) 8. g3 {The position is equal.} Bf5 9. Qc1 e6 10. Nb1 Ne4 11. Bg2 f6 12. Nfd2 Nxd2 13. Nxd2 g5 14. e4 gxf4 15. exf5 {And now 0-0 would win.} Ne7 16. fxe6 Qxe6+ 17. Kf1 {[%cal Be1f1,Bf1g2,Bg2f2][%mdl 32]} Bh6 (17... O-O-O $11 {keeps the balance.}) 18. Qc2 $16 O-O 19. Re1 Qd7 20. Bf3 (20. Qd1 $16) 20... Ng6 $14 21. Kg2 Kh8 22. h4 fxg3 23. fxg3 Rg8 24. Kf2 $1 Ne7 25. Nf1 Nf5 (25... Rae8 $11) 26. g4 $1 $16 Nd6 {[#]} 27. Ng3 $1 Rad8 28. Nf5 Nxf5 29. Qxf5 Qxf5 30. gxf5 Bf4 {Threatening ...Bg3+.} 31. Re6 Bg3+ 32. Kf1 b5 33. Rxf6 Rgf8 34. Rxf8+ Rxf8 {[%mdl 4096] Endgame KRB-KRB} 35. Kg2 Bd6 36. Bxd5 {Be6 is the strong threat.} Rxf5 37. Bc6 (37. Bb7 {feels hotter.} Kg7 38. Ba6 Be7 39. Kh3 h5 40. Re1) 37... b4 38. cxb4 Rf4 39. d5 {[%cal Bd4d5,Bd5d6,Bd6d7][%mdl 32]} Bxb4 40. h5 Kg7 41. Rd1 {Strongly threatening d6.} c3 (41... Bd6 $11) 42. a3 (42. bxc3 $16 Bxc3 43. Rd3) 42... Ba5 43. bxc3 Bxc3 44. d6 {Threatens to win with d7.} Rd4 45. Rxd4 Bxd4 46. a4 h6 47. Kf3 {White is better.} Bc5 48. d7 Bb6 49. Ke4 Kf6 {[#]} 50. Kd5 $1 {Precision: White = 62%, Black = 48%.} 1/2-1/2

[Event "Yingmei Cup CHN-chT 2017"]
[Site "Guangdong"]
[Date "2017.12.02"]
[Round "19"]
[White "Wang, Jue"]
[Black "Huang, Qian"]
[Result "1/2-1/2"]
[WhiteElo "2352"]
[BlackElo "2436"]
[Annotator "TA"]
[PlyCount "118"]
[EventDate "2017.??.??"]
[EventCountry "CHN"]
[SourceTitle "playchess.com"]
[Source "ChessBase"]
[SourceQuality "1"]

{[%evp 12,118,56,47,56,43,37,39,47,-10,7,2,0,0,0,0,6,14,0,0,34,26,27,28,36,35,38,34,52,58,56,57,56,58,55,58,59,34,53,53,53,53,53,53,53,53,53,44,53,5,60,60,55,12,12,12,12,12,66,20,130,20,39,20,183,186,156,141,133,129,222,205,225,218,215,197,237,230,228,199,369,380,371,310,304,278,354,323,456,422,350,0,0,0,0,0,0,0,0,0,0,0,0,0,8,0,0,0,1316]} 1. e4 d5 2. exd5 Qxd5 3. Nc3 Qd8 4. d4 g6 5. Nf3 Bg7 6. Bg5 {B01: Skandinavische Verteidigung} (6. Be2 Nh6 7. Ne4 Nf5 8. c3 O-O 9. O-O b6 10. Bf4 Bb7 11. Bd3 Nd7 12. Re1 c5 13. dxc5 bxc5 {½-½ (49) Leko,P (2707)-Safarli,E (2657) Berlin 2015}) 6... Nf6 7. Qd2 {LiveBook: 4 Partien} a6 8. Bh6 {Weiß steht etwas besser.} Bxh6 $146 ({Vorgänger:} 8... O-O 9. O-O-O b5 10. h4 b4 11. Na4 Bxh6 12. Qxh6 Ng4 13. Qd2 {½-½ (43) Szilagyi,Z (2269)-Szieberth,A (2355) Eger 2004}) 9. Qxh6 Bg4 10. Qf4 (10. O-O-O $14) 10... Nc6 11. O-O-O Qd6 12. Qxd6 exd6 13. Be2 O-O-O 14. h3 Bxf3 15. Bxf3 h6 16. Nd5 $36 {[%mdl 2048] Weiss hat Initiative.} Nxd5 17. Bxd5 Rhf8 18. Rhe1 Kd7 19. Re3 Rde8 20. Rxe8 Kxe8 21. Bxc6+ bxc6 $14 {[%mdl 4096] Endspiel KT-KT} 22. Rd3 Kd7 23. Ra3 Ra8 24. c4 c5 25. dxc5 dxc5 26. Rd3+ Kc6 $1 27. Rf3 f5 28. h4 Rf8 29. Kd2 Rd8+ 30. Rd3 Rb8 (30... Rxd3+ $11 31. Kxd3 Kd6) 31. b3 Re8 32. Rd5 (32. h5 $5) 32... h5 33. Rd3 Re6 34. Re3 Rf6 ({Besser ist} 34... Kd6 $11) 35. Ke2 Rd6 (35... Kd7 $1 $11 {bleibt in der Remisbreite.}) 36. Kf3 ({Lieber} 36. Re5 $16) 36... Kd7 $1 $11 37. Re5 Kc6 $2 (37... Rd2 $11) 38. Ke3 $18 a5 39. g3 a4 40. bxa4 Kb6 (40... Rd4 $16) 41. a5+ Kxa5 42. Rxc5+ Kb6 43. Re5 c5 44. a3 Rd4 45. Re6+ Ka5 $2 (45... Kc7 46. Rxg6 f4+ 47. gxf4 Rxc4) 46. Rxg6 Rxc4 47. Rg5 Rc3+ 48. Kf4 Rxa3 49. Rxh5 ({Weniger gut wäre} 49. Rxf5 Kb4 $16) 49... c4 (49... Ra2 $142 50. Rxf5 Kb4) 50. Rxf5+ Kb4 51. h5 $2 (51. Rf7 $18) 51... c3 $11 {Die Stellung ist ausgeglichen.} 52. Ke3 Ra6 {Mit der Idee ...Tc6.} 53. Kd3 {[#] Und Tf8 würde nun gewinnen.} Rd6+ 54. Kc2 Rd2+ 55. Kc1 Kb3 $1 56. Rb5+ Kc4 57. Rf5 Kb3 $1 58. Rb5+ Kc4 59. Rf5 {[#] Schwarz muss nun h6 beachten.} Kd4 $2 {[%mdl 40960] Precision: Weiß = 59%, Schwarz = 47%. . An unexpected result.} (59... Kb3 $11) 1/2-1/2

[Event "Yingmei Cup CHN-chT 2017"]
[Site "Guangdong"]
[Date "2017.12.02"]
[Round "19"]
[White "Zhai, Mo"]
[Black "Zhang, Xiaowen"]
[Result "1-0"]
[WhiteElo "2300"]
[BlackElo "2328"]
[Annotator "TA"]
[PlyCount "117"]
[EventDate "2017.??.??"]
[EventCountry "CHN"]
[SourceTitle "playchess.com"]
[Source "ChessBase"]
[SourceQuality "1"]

{[%evp 22,117,24,27,31,27,50,45,50,44,36,35,50,8,45,32,85,77,93,87,95,91,97,77,95,54,77,52,80,85,85,95,95,86,92,87,92,87,172,0,41,0,154,170,364,358,366,364,354,194,183,193,185,197,186,139,122,116,112,75,76,76,77,77,153,153,153,153,153,153,153,153,148,148,141,134,153,127,208,155,259,252,568,522,760,556,714,254,745,710,452,254,6083,910,29968,29970,29970,29969]} 1. d4 d5 2. c4 e6 3. Nc3 Nf6 4. Bg5 Be7 5. e3 O-O 6. Nf3 Nbd7 7. Qc2 c5 8. Rd1 Qa5 9. Bh4 {D61: Queen's Gambit Declined: Classical: 7 Qc2} (9. cxd5 Nxd5 10. Bxe7 Nxe7 11. Bd3 Nf6 12. O-O cxd4 13. Nxd4 Bd7 14. Ne4 Ned5 15. Nb3 Qd8 16. Nbc5 Rc8 17. Nxf6+ Nxf6 18. Nxd7 Rxc2 19. Nxf8 {½-½ (35) Korobov,A (2713)-Goganov,A (2575) Moscow 2016}) 9... cxd4 10. Nxd4 dxc4 11. Bxc4 Ne5 12. Be2 {LiveBook: 5 Games} Ng6 13. Bg3 $146 ({Predecessor:} 13. Nb3 Qb6 14. Bg3 Bd7 15. h4 Rfc8 16. h5 Nf8 17. h6 {1-0 (70) Kortschnoj,V-Osnos,V Leningrad 1963}) 13... e5 14. Nb3 Qb6 15. O-O Be6 16. Bd3 Bd6 17. Bf5 Bc4 18. Rfe1 Rfd8 ({Better is} 18... Rfe8 $14) 19. Nd2 $16 Ba6 20. Nde4 Nxe4 21. Bxe4 Rac8 22. Bf5 Rc6 23. Qd2 Qa5 24. a3 Ne7 25. Be4 {Threatens to win with b4.} Rcc8 26. Qc2 h6 27. Rd2 Qb6 28. Red1 Bc4 {Black wants to play ...Bb3.} 29. Na4 Qa6 {[#]} (29... Qc7 $16 {was necessary.}) 30. Nc3 (30. Bxe5 $1 $18 {[%mdl 512]} Bd5 (30... Bxe5 31. Rxd8+) 31. Nc3 Bxe5 32. Nxd5 Nxd5 33. Rxd5) 30... Qb6 $1 $14 {White should prevent ...Bb3.} 31. Na4 ({White should play} 31. Qb1 $14) 31... Qa6 $16 {[#] With the idea ...Be2.} 32. Bxe5 $1 {[%mdl 512]} Be2 $2 (32... Bd5 33. Nc3 Bxe5) (32... Bxe5 33. Rxd8+) 33. Nc3 $1 $18 ({Less strong is} 33. Rxd6 Bxd1 34. Rxd8+ (34. Bh7+ $2 Kh8 $19) 34... Rxd8 $14) 33... Bxd1 34. Qxd1 f5 35. Bf3 ({Resist} 35. Bxd6 fxe4 36. Bxe7 Rxd2 $18) (35. Rxd6 $142 Rxd6 36. Bxd6 fxe4 37. Bxe7) 35... Bxe5 36. Rxd8+ Kh7 37. Rxc8 Nxc8 38. Qb3 Nd6 39. g3 Qc4 40. Qxc4 (40. Qd1 {is more complex.} b6 41. a4 Qc5 42. h4 Qc4 43. Ne2) 40... Nxc4 41. Bxb7 Nxb2 $16 {[%mdl 4096] Endgame KBN-KBN} 42. Nb5 Nc4 (42... a5 $142) 43. Bc8 Kg6 44. Be6 a6 45. Bxc4 axb5 46. Bxb5 {KB-KB} Kf6 47. Bd7 Bc7 48. Kg2 g5 49. Kf3 h5 (49... g4+ $16 50. Ke2 Ke5) 50. h3 g4+ {[#]} (50... Bd8 $16 {was worth a try.} 51. Ke2 h4 52. gxh4 gxh4) 51. Kg2 $1 $18 gxh3+ $2 (51... Bb6 {is tougher.} 52. h4 Kg6 53. Be8+ Kh6) 52. Kxh3 Kg5 53. Kg2 Ba5 54. Kf3 $2 (54. f4+ Kg6 55. Be8+ Kh6 56. a4) 54... Be1 $2 (54... Kf6 55. a4 Kg6) 55. Ke2 Ba5 56. Be8 (56. f4+ $142 Kg6 57. Be8+ Kh6 58. Bd7) 56... h4 $2 (56... Bc7 57. a4 Bd8) 57. f4+ Kg4 58. gxh4 Kxh4 {[#]} 59. Kf3 $1 {Precision: White = 56%, Black = 40%.} 1-0